Géographie par lettre de l'alphabet n°4 - Statistiques

Statistiques générales
  • Ce quiz a été pris 406 fois
  • Le résultat moyen est 18 sur 26
Statistiques - réponses
Descriptions Letters Réponses % Correct
La Tour Eiffel est son symbole F France
97%
Capitale de la France P Paris
97%
Staline a dirigé ce pays pendant la seconde guerre mondiale R Russie
97%
Téhéran est sa capitale I Iran
95%
Istanbul est sa plus grande ville T Turquie
95%
Pays frontalier avec le Viet Nam L Laos
94%
Pays insulaire des Caraïbes J Jamaïque
93%
Capitale de l'Ecosse E Edimbourg
92%
Nicosie est la capitale de ce pays C Chypre
91%
Vaste pays d'Europe de l'Est réputé pour ses églises orthodoxes U Ukraine
90%
Capitale de l'Equateur Q Quito
87%
Pays frontalier avec l'Afrique du Sud N Namibie
86%
Pays d'Océanie V Vanuatu
83%
Se dit de quelqu'un qui a peur des étrangers X Xénophobe
83%
Sa mythologie est opposée à celle des Romains G Grèce
81%
Pays de naissance de Gengis Khan M Mongolie
81%
Ville portuaire industrielle du nord de l'Espagne B Bilbao
70%
Pays d'Asie centrale K Kirghizistan
69%
Pays d'Afrique de l'Ouest situé sur la côte Atlantique S Sierra Leone
62%
Etat américain W Wisconsin
58%
Ville allemande connue pour le stade Westfalenstadion D Dortmund
47%
Pays membre des BRICS A Afrique du Sud
42%
Capitale de l'état allemand de Basse-Saxe H Hanovre
34%
Ville du Maroc Y Youssoufia
1%
Commune française située dans le département des Vosges, en région Grand Est Z Zincourt
1%
Commune française située dans le département du Bas-Rhin, en région Grand Est O Obermodern-Zutzendorf
0%
Aucun quiz correspondant
Distribution des résultats
% des personnes avec chaque résultat
Percentile par nombre de réponses
Votre historique - résultats
Vous n’avez pas pris ce quiz